Tous les Pokémon de type Acier - Statistiques

Statistiques générales
  • Ce quiz a été pris 16 fois
  • Le résultat moyen est 53 sur 84
Statistiques - réponses
Génération Pokémon Autre Type % Correct
Deuxième Airmure Vol
92%
Quatrième Magnézone Electrik
92%
Première Magnéti Electrik
85%
Première Magnéton Electrik
85%
Troisième Métalosse Psy
85%
Troisième Métang Psy
85%
Deuxième Steelix Sol
85%
Troisième Terhal Psy
85%
Quatrième Archéodong Psy
77%
Quatrième Archéomire Psy
77%
Deuxième Cizayox Insect
77%
Huitième Duralugon Dragon
77%
Cinquième Fermite Insect
77%
Cinquième Grindur Plante
77%
Cinquième Noacier Plante
77%
Troisième Registeel
77%
Sixième Trousselin Fée
77%
Quatrième Bastiodon Roche
69%
Quatrième Dialga Dragon
69%
Sixième Dimoclès Spectre
69%
Quatrième Dinoclier Roche
69%
Sixième Exagide Spectre
69%
Deuxième Foretress Insect
69%
Troisième Galegon Roche
69%
Troisième Galekid Roche
69%
Troisième Galeking Roche
69%
Cinquième Genesect Insect
69%
Quatrième Heatran Feu
69%
Quatrième Lucario Combat
69%
Deuxième Méga-Steelix Sol
69%
Cinquième Minotaupe Sol
69%
Sixième Monorpale Spectre
69%
Troisième Mysdibule Fée
69%
Quatrième Pingoléon Eau
69%
Neuvième Pondralugon Dragon
69%
Septième Sabelette d'Alola Glace
69%
Septième Sablaireau d'Alola Glace
69%
Neuvième Scalpereur Ténèbres
69%
Cinquième Scalpion Ténèbres
69%
Cinquième Scalproie Ténèbres
69%
Huitième Charibari
62%
Cinquième Clic
62%
Cinquième Cliticlic
62%
Huitième Corvaillus Vol
62%
Neuvième Forgelina Fée
62%
Neuvième Forgella Fée
62%
Neuvième Forgerette Fée
62%
Cinquième Lançargot Insect
62%
Septième Magearna Fée
62%
Deuxième Méga-Cizayox Insect
62%
Troisième Méga-Galeking
62%
Quatrième Méga-Lucario Combat
62%
Troisième Méga-Métalosse Psy
62%
Troisième Méga-Mysdibule Fée
62%
Huitième Pachyradjah
62%
Cinquième Tic
62%
Neuvième Vrombi Poison
62%
Neuvième Vrombotor Poison
62%
Quatrième Arceus Acier
54%
Cinquième Cobaltium Combat
54%
Huitième Colimucus de Hisui Dragon
54%
Septième Katagami Plante
54%
Septième Melmetal
54%
Septième Meltan
54%
Huitième Miaouss de Galar
54%
Huitième Muplodocus de Hisui Dragon
54%
Septième Taupiqueur d'Alola Sol
54%
Septième Togedemaru Electrik
54%
Septième Triopikeur d'Alola Sol
54%
Septième Ama-Ama Roche
46%
Septième Bamboiselle Vol
46%
Quatrième Dialga Originel Dragon
46%
Huitième Limonde de Galar Sol
46%
Septième Solgaleo Psy
46%
Quatrième Tarinorme Roche
46%
Huitième Berserkatt
38%
Neuvième Chef-de-Fer Psy
38%
Septième Necrozma Crinière du Couchant Psy
38%
Neuvième Roue-de-Fer Sol
38%
Huitième Zacian Epée Suprême Fée
38%
Neuvième Ferdeter
31%
Neuvième Gromago Spectre
31%
Septième Silvallié Acier
31%
Huitième Zamazenta Bouclier Suprême Combat
31%
Aucun quiz correspondant
Distribution des résultats
% des personnes avec chaque résultat
Percentile par nombre de réponses
Votre historique - résultats
Vous n’avez pas pris ce quiz